La posibilidad de una teoría del conocimiento sociológico /

El planteamiento del autor es sobre el doble problema de la identidad y de la unidad de la sociología, considerada como disciplina científica. Analiza la definición de su objeto, elaborada por Durkheim y Weber, y concluye que la sociología adquiere su perfil disciplinario al insertarse claramente en...

पूर्ण विवरण

में बचाया:
ग्रंथसूची विवरण
मुख्य लेखक: Fernández González, Oscar
स्वरूप: मूलपाठ
विषय:
टैग: टैग जोड़ें
कोई टैग नहीं, इस रिकॉर्ड को टैग करने वाले पहले व्यक्ति बनें!

MARC

LEADER 00000 a a2200000 04500
001 15478
003
040
100 |a Fernández González, Oscar  
245 |a La posibilidad de una teoría del conocimiento sociológico /  |c Oscar Fernández González 
520 |a El planteamiento del autor es sobre el doble problema de la identidad y de la unidad de la sociología, considerada como disciplina científica. Analiza la definición de su objeto, elaborada por Durkheim y Weber, y concluye que la sociología adquiere su perfil disciplinario al insertarse claramente en el espacio académico universitario. Por otro lado, también discute, a la vez que intenta clarificar, la tesis de la existencia de una teoría del conocimiento sociológico, implicita en la obra de los clásicos, defendida por Bourdiu, Chamboredon y Passeron. FH/eb  
650 |a SOCIOLOGIA  
650 |a CIENCIAS SOCIALES  
650 |a CIENCIAS DE LA EDUCACION  
650 |a FILOSOFIA  
650 |a FILOSOFIA DE LA EDUCACION  
650 |a IDEOLOGIAS  
650 |a LOGICA  
650 |a TEORIA SOCIAL  
773 |g volumen 25, número 62; páginas 117-127  
999 |c 36644  |d 36644